00362pab a2200121 454500008004000000100001700040245009800057260000900155300001500164362000800179650002500187773002800212180718b2010 xxu||||| |||| 00| 0 eng d aKern, Thomas aTranslating global values into national contexts: the rise of environmentalism in South Korea c2010 ap.869-896. aNov aEnvironmental policy aInternational Sociology